|
|
|
|
| LEADER |
01226naa a2200361 a 4500 |
| 001 |
000000331 |
| 003 |
SVKKK |
| 005 |
20071019145240.0 |
| 008 |
030616c1988 xo e engo |
| FMT |
|
|
|
| 038 |
|
|
|a SVKKK
|
| 040 |
|
|
|a SVKKK
|b slo
|e AACR2
|
| 041 |
0 |
|
|a eng
|b eng
|
| 044 |
|
|
|a xo
|c SK
|
| 080 |
|
|
|a 550.34.09
|2 1981
|
| 100 |
1 |
|
|a Viskup, Jozef
|4 aut
|
| 242 |
1 |
0 |
|a Chybná interpretácia ako výsledok nesprávnej vzdialenosti medzi geofónmi
|
| 245 |
1 |
0 |
|a Erroneous Interpretation as a Result of Incorrect Distance between Geophones
|c Viskup Jozef
|
| 300 |
|
|
|b Obr. 3
|
| 500 |
|
|
|a Bratislava, Univerzita Komenského
|
| 500 |
|
|
|a Chyba v angl. verzii názvu: namiesto nesprávneho výrazu "Gephones" má byť správne "Geophones"
|
| 504 |
|
|
|a Res. angl., rus., lit. 2 zázn. v češ., ruš.
|
| 650 |
0 |
4 |
|a geofyzika
|
| 650 |
0 |
4 |
|a grafy
|x krivky časovo-dištančné
|
| 650 |
0 |
4 |
|a interpretácia chybná
|x štúdie
|
| 650 |
0 |
4 |
|a metódy výskumné
|
| 773 |
0 |
|
|t Acta geologica et geographica Universitatis Comenianae
|d Bratislava : Slovenské pedagogické nakladateľstvo, 1988
|g S. 203-211
|
| 958 |
|
|
|a NP
|
| 974 |
|
|
|d 940927
|a 245/249
|
| 992 |
|
|
|a RZB
|
| BAS |
|
|
|
| 852 |
|
|
|a SVKKK
|b BIB
|
| 998 |
|
|
|a GEO
|